000 01147nam a22002655i 4500
001 53545
003 ES-MaACL
005 20251118153330.0
007 t|
008 960701s1897 sp a ||||1| spa d
040 _aCAM
_bspa
_cCAM
080 _a821.134.2-32"18"
100 1 _aFabra, Nilo María,
_d1841-1903
_948523
245 1 0 _aPresente y futuro
_b: nuevos cuentos /
_cNilo María Fabra ; ilustraciones de Méndez Bringa, A. de Caula y B. Gili y Roig.
260 _aBarcelona :
_bJuan Gili librero,
_c1897 (
_festablecimiento tipo-litrográfico de Espasa y compañía)
300 _a188, [1] p. :
_bil. ;
_c19 cm.
490 1 _aColección Elzevir ilustrada ;
_v4
505 8 _aContiene: La guerra de España con los Estados Unidos ; Recuerdos de otra vida ; El futuro ayuntamiento de Madrid ; Teitán el soberano ; El premio grande
700 1 _aMéndez Bringa, Narciso,
_d1868-1933
_9153339
700 1 _aCaula y Cornejo, Antonio,
_dn. 1847
_937108
700 1 _aGili i Roig, Baldomer,
_d1873-1927
_9153340
830 0 _aColección Elzevir ilustrada ;
_v4
_9182446
852 _aES-MaACL
_jD-2340
999 _c53545
_d53545